000
00338nam a2200133Ia 4500
100
_a
Ghosal/ A Ed.
650
_a
Electrical Engineering
942
_c
BK
654
_a
cybernetics & systems
245
_a
Recent advances in Cybernectics & Systems
260
_b
Tata Mc Graw hill
_a
New Delhi
_c
1993
546
_a
ENGLISH
999
_c
28670
_d
28670